Vizualizácia mapy kľúčových slov

Saved in:
Bibliographic Details
Main Author: Kloska, Matej, 1992- (Author)
Other Authors: Šimko, Marián, 1983- (Thesis advisor)
Format: Manuscript Book
Language:Slovak
Published: Bratislava : STU v Bratislave FIIT, 2014
Subjects:
Online Access:VAIS
Tags: Add Tag
No Tags, Be the first to tag this record!

MARC

LEADER 00000ntm a22000003a 4500
001 stu301797
005 20150617230326.8
008 150305s2014----xo------------------slo-d
040 |a STU  |b slo 
041 0 |a slo 
044 |a xo 
100 1 |a Kloska, Matej,  |d 1992-  |4 aut  |u I200  |U FIIT Fakulta informatiky a informačných technológií  |T FIIT Ústav informatiky a softvérového inžinierstva  |X 8316  |U I200  |Y 179  |7 A000008316 
242 |a Keyword Map Visualisation  |y eng 
245 1 |a Vizualizácia mapy kľúčových slov 
260 |a Bratislava :  |b STU v Bratislave FIIT,  |c 2014 
300 |a 65 l. +  |e príl. 
650 7 |a informatika  |2 stusub 
650 7 |a Informatics  |2 estusub 
650 7 |a graph  |2 estusub 
650 7 |a visualisation  |2 estusub 
650 7 |a graf  |2 stusub 
650 7 |a vizualizácia  |2 stusub 
700 1 |a Šimko, Marián,  |d 1983-  |4 ths  |u I200  |U FIIT Fakulta informatiky a informačných technológií  |T FIIT Ústav informatiky a softvérového inžinierstva  |X 30649  |U I200  |Y 179  |7 30649 
856 4 |a info a plný text  |u http://is.stuba.sk/zp/portal_zp.pl?podrobnosti=88118  |3 VAIS 
996 |b IBAP98/14  |c I*BAP98/14  |l II680  |s A  |a 24  |w stu301797_0001